OECD Annual Report : 2002 /

Gorde:
Xehetasun bibliografikoak
Erakunde egilea: OCDE
Beste egile batzuk: Johnston, Donald J. (prólogo) (prólogo)
Formatua: Liburua
Hizkuntza:ingelesa
Argitaratua: París, Francia : OCDE, 2002, c2002
Gaiak:
Etiketak: Etiketa erantsi
Etiketarik gabe, Izan zaitez lehena erregistro honi etiketa jartzen!

MARC

LEADER 00000nam^a2200000^a^4500
001 000153214
005 20250521000000.0
009 20260310100312.397
020 |a 92-64-19717-6 
037 |a Acervo ITESO - Biblioteca 
041 |a ING 
082 |a 337. 1  |b OCDE 2002-rep 
110 |a OCDE 
240 1 1 |a [Reporte anual OCDE] 
245 1 0 |a OECD Annual Report :  |b 2002 /  |c OCDE ; pref. de D.J. Johnston. 
264 4 |a París, Francia :  |b OCDE,  |c 2002, c2002 
300 |a 97 p. 
336 |a texto  |b txt  |2 rdacontenido 
337 |a sin mediación  |b n  |2 rdamedio 
338 |a volumen  |b nc  |2 rdasoporte 
649 |a XX 
650 |a OCDE -  |x Informes -  |x Tema Principal 
650 |a OCDE -  |x Anuarios 
650 |a OCDE -  |x Publicaciones Periódicas 
650 |a Desarrollo Económico-Social 
650 |a Apertura Comercial e Integración Económica 
650 |a Cooperación Internacional 
650 |a Economía Internacional 
650 |a Publicaciones Periódicas 
700 |a Johnston, Donald J.  |e (prólogo) 
910 |a Fondo General 
920 |a Impresos - Libros 
930 |a Colección General 
905 |a 101 
901 |a 0500081883  |b IT1  |c ACC  |u 20250521 
902 |a https://opac.biblio.iteso.mx/vufind/Record/000153214